[Event "FRA-chT2 East 0708"]
[Site "France"]
[Date "2007.10.21"]
[Round "1.6"]
[White "Lens, Matthias"]
[Black "Grenouilloux, Alain"]
[Result "1-0"]
[WhiteElo "2055"]
[BlackElo "2130"]
[PlyCount "101"]
[EventDate "2007.10.21"]
[EventType "team"]
[EventRounds "11"]
[EventCountry "FRA"]
[SourceTitle "EXT 2009"]
[Source "ChessBase"]
[SourceDate "2008.11.26"]
[SourceVersion "1"]
[SourceVersionDate "2008.11.26"]
[SourceQuality "1"]
[WhiteTeam "Strasbourg II"]
[BlackTeam "Epinal"]
[WhiteTeamCountry "FRA"]
[BlackTeamCountry "FRA"]

1. c4 Nf6 2. Nc3 d5 3. cxd5 Nxd5 4. d4 g6 5. e4 Nxc3 6. bxc3 Bg7 7. Bc4 c5 8. Be3 Nc6 9. Ne2 cxd4 10. cxd4 0-0 11. 0-0 Na5 12. Bd3 Nc6 13. d5 Nb4 14. Rb1 Nxd3 15. Qxd3 Qa5 16. Nd4 a6 17. Rfc1 Qd8 18. Qa3 Re8 19. Nb5 Be5 20. f4 Bd6 21. Nxd6 exd6 22. Qd3 Qe7 23. Rb4 f5 24. e5 dxe5 25. d6 Qe6 26. Rc7 exf4 27. Bd2 Rd8 28. Qd4 Rd7 29. Rbc4 Qxd6 30. Rxc8+ Rxc8 31. Rxc8+ Kf7 32. Qxd6 Rxd6 33. Bxf4 Rd7 34. Rc7 Rxc7 35. Bxc7 g5 36. Kf2 Ke6 37. Bd8 h6 38. h4 gxh4 39. Bxh4 b5 40. Ke3 Ke5 41. Be1 Kf6 42. Kf4 Kg6 43. Bc3 h5 44. g3 h4 45. gxh4 Kh5 46. Be1 b4 47. Kxf5 a5 48. Ke4 a4 49. Kd3 Kg4 50. Kc4 b3 51. axb3 1-0

[Event "FRA-chT1B 0607"]
[Site "France"]
[Date "2006.12.06"]
[Round "4.7"]
[White "Hell, Pascal"]
[Black "Grenouilloux, Alain"]
[Result "0-1"]
[WhiteElo "2211"]
[BlackElo "2095"]
[PlyCount "78"]
[EventDate "2006.10.15"]
[EventType "team"]
[EventRounds "11"]
[EventCountry "FRA"]
[SourceTitle "EXT 2008"]
[Source "ChessBase"]
[SourceDate "2007.11.25"]
[SourceVersion "1"]
[SourceVersionDate "2007.11.25"]
[SourceQuality "1"]
[WhiteTeam "Mulhouse II"]
[BlackTeam "Epinal"]
[WhiteTeamCountry "FRA"]
[BlackTeamCountry "FRA"]

1. d4 d5 2. Nf3 Nf6 3. Nbd2 c6 4. c4 g6 5. g3 Bg7 6. Bg2 0-0 7. 0-0 Nbd7 8. Qc2 Re8 9. b3 e5 10. dxe5 Nxe5 11. Bb2 Bf5 12. Qd1 Nxf3+ 13. Bxf3 d4 14. Re1 Qd7 15. b4 Rad8 16. Qb3 b6 17. a4 h5 18. b5 Ne4 19. Nxe4 Bxe4 20. Bxe4 Rxe4 21. bxc6 Qxc6 22. Qd3 Rde8 23. a5 Qe6 24. axb6 axb6 25. Rad1 h4 26. Rd2 Qh3 27. Qf3 hxg3 28. hxg3 Qe6 29. Qd3 Qg4 30. Kg2 Qc8 31. Red1 Qc6 32. Kg1 Qa4 33. Ra1 Qc6 34. Ra7 Qe6 35. Kg2 Rxe2 36. Ra6 Qc6+ 37. Kh2 Re1 38. f3 Qc5 39. g4 Qg5 0-1

[Event "FRA-chT2 0304"]
[Site "France"]
[Date "2004.04.03"]
[Round "10"]
[White "Grenouilloux, Alain"]
[Black "Pellaton, Bernard"]
[Result "1/2-1/2"]
[WhiteElo "2114"]
[BlackElo "2143"]
[PlyCount "43"]
[EventDate "2003.10.??"]
[EventType "team"]
[EventRounds "11"]
[EventCountry "FRA"]
[SourceTitle "EXT 2005"]
[Source "ChessBase"]
[SourceDate "2004.11.15"]
[SourceVersion "1"]
[SourceVersionDate "2004.11.15"]
[SourceQuality "1"]

1. d4 Nf6 2. Nf3 e6 3. c4 b6 4. g3 Bb7 5. Bg2 Be7 6. Nc3 0-0 7. 0-0 Ne4 8. Nxe4 Bxe4 9. Bd2 d6 10. Bc3 Nd7 11. Qd2 f5 12. Ne1 Bxg2 13. Nxg2 Bg5 14. f4 Bf6 15. Rad1 g6 16. Qc2 Bg7 17. e4 Nf6 18. exf5 exf5 19. d5 Re8 20. Rfe1 Qd7 21. Rxe8+ Rxe8 22. Bxf6 1/2-1/2

[Event "FRA-chT2 0304"]
[Site "France"]
[Date "2004.01.17"]
[Round "5"]
[White "Grenouilloux, Alain"]
[Black "Rost, Thibault"]
[Result "1/2-1/2"]
[WhiteElo "2114"]
[BlackElo "2120"]
[PlyCount "136"]
[EventDate "2003.10.??"]
[EventType "team"]
[EventRounds "11"]
[EventCountry "FRA"]
[SourceTitle "EXT 2005"]
[Source "ChessBase"]
[SourceDate "2004.11.15"]
[SourceVersion "1"]
[SourceVersionDate "2004.11.15"]
[SourceQuality "1"]

1. d4 d5 2. c4 c6 3. Nc3 Nf6 4. e3 Nbd7 5. Nf3 e6 6. Bd3 Bd6 7. 0-0 0-0 8. e4 dxe4 9. Nxe4 Nxe4 10. Bxe4 f5 11. Bd3 e5 12. Bg5 Qe8 13. dxe5 Nxe5 14. Bf4 Nxf3+ 15. Qxf3 Bxf4 16. Qxf4 Qf7 17. Rfe1 Be6 18. Re3 Rae8 19. Rae1 Qd7 20. h4 g6 21. h5 Bf7 22. hxg6 Bxg6 23. Rxe8 Bxe8 24. Re3 Bg6 25. c5 Qg7 26. Bc4+ Kh8 27. Qd6 Ra8 28. b4 Qb2 29. Bb3 Qa1+ 30. Kh2 Qg7 31. g3 f4 32. gxf4 Qh6+ 33. Kg1 Rf8 34. Qe5+ Qg7 35. Qxg7+ Kxg7 36. Re7+ Kh6 37. Rxb7 Rxf4 38. a3 Rf3 39. Ba4 Be4 40. Re7 Rxa3 41. Bxc6 Ra1+ 42. Kh2 Rh1+ 43. Kg3 Rg1+ 44. Kf4 Bxc6 45. Rxa7 Rg7 46. Ra6 Rg6 47. Rb6 Kg7 48. b5 Bd5 49. c6 Be6 50. Rb7+ Kh6 51. Ke5 Bg4 52. Rf7 Rg5+ 53. Kf4 Rxb5 54. Kxg4 Rc5 55. c7 Kg6 56. Rd7 Rc4+ 57. Kf3 h5 58. Ke3 Kf6 59. Kd3 Rc1 60. Kd4 Ke6 61. Rh7 h4 62. f4 h3 63. Rh6+ Kf5 64. Rh5+ Kxf4 65. Rc5 Rxc5 66. Kxc5 h2 67. c8Q h1Q 68. Qc7+ Kg4 1/2-1/2

[Event "Vandoeuvre op"]
[Site "Vandoeuvre"]
[Date "2004.??.??"]
[Round "1"]
[White "Janev, Evgeni"]
[Black "Grenouilloux, Alain"]
[Result "1-0"]
[WhiteElo "2424"]
[BlackElo "2116"]
[PlyCount "107"]
[EventDate "2004.12.26"]
[EventType "swiss"]
[EventRounds "9"]
[EventCountry "FRA"]
[SourceTitle "CBM 104 Extra"]
[Source "ChessBase"]
[SourceDate "2005.03.01"]
[SourceVersion "1"]
[SourceVersionDate "2005.03.01"]
[SourceQuality "1"]

1. e4 d6 2. d4 Nf6 3. Nc3 g6 4. f4 Bg7 5. Nf3 0-0 6. Bd3 Nc6 7. 0-0 Bg4 8. Ne2 Nb4 9. h3 Nxd3 10. Qxd3 Bc8 11. Ng3 Nd7 12. f5 c5 13. c3 cxd4 14. cxd4 a6 15. Bg5 b5 16. Qe3 Nb6 17. Rae1 Nc4 18. Qc1 Bb7 19. b3 Nb6 20. Bh6 Rc8 21. Qd2 Rc2 22. Qxc2 Bxh6 23. Nh2 Bg7 24. Qd2 Nd7 25. Nf3 Qb6 26. Kh1 Nf6 27. fxg6 hxg6 28. Qf4 b4 29. Qh4 Nh7 30. e5 e6 31. Ne4 Bxe4 32. Rxe4 Qd8 33. Qg3 dxe5 34. dxe5 Qd3 35. Rfe1 a5 36. Rh4 Rd8 37. Qf2 Rd7 38. Rd4 Rxd4 39. Qxd4 Qb5 40. h4 Bf8 41. Nd2 Be7 42. Nc4 Kg7 43. Rf1 f5 44. exf6+ Nxf6 45. Qe5 Qxe5 46. Nxe5 Bd6 47. Nc6 Bc7 48. Nd4 Kf7 49. Re1 e5 50. Nf3 Ng4 51. Rc1 Bd6 52. Ng5+ Ke7 53. Ne4 Kd7 54. Rd1 1-0

[Event "FRA-chT2 0304"]
[Site "France"]
[Date "2003.11.16"]
[Round "3"]
[White "Crudo, Franck"]
[Black "Grenouilloux, Alain"]
[Result "0-1"]
[WhiteElo "2061"]
[BlackElo "2114"]
[PlyCount "78"]
[EventDate "2003.10.??"]
[EventType "team"]
[EventRounds "11"]
[EventCountry "FRA"]
[SourceTitle "EXT 2005"]
[Source "ChessBase"]
[SourceDate "2004.11.15"]
[SourceVersion "1"]
[SourceVersionDate "2004.11.15"]
[SourceQuality "1"]
[WhiteTeam "Saint Mande"]
[BlackTeam "Epinal"]
[WhiteTeamCountry "FRA"]
[BlackTeamCountry "FRA"]

1. e4 d6 2. d4 Nf6 3. Bd3 g6 4. Ne2 Bg7 5. 0-0 0-0 6. f4 c5 7. c3 cxd4 8. cxd4 Nc6 9. Qb3 Nd7 10. Be3 Qb6 11. Qxb6 Nxb6 12. Nbc3 Bg4 13. Rad1 d5 14. e5 Rac8 15. f5 Nb4 16. fxg6 hxg6 17. Bb1 Rxc3 18. Nxc3 Bxd1 19. Rxd1 Nc6 20. b3 Rc8 21. Ne2 e6 22. g4 a6 23. h4 Nd7 24. Bg5 Ndxe5 25. dxe5 Nxe5 26. Nf4 Nxg4 27. h5 gxh5 28. Nxh5 Be5 29. Rd3 f6 30. Bd2 Kf7 31. Rh3 Rg8 32. Kf1 Nh2+ 33. Ke2 Rg2+ 34. Kd3 Ng4 35. Rf3 Bd6 36. Kc3 d4+ 37. Kc2 Bb4 38. Rd3 Ne3+ 39. Kc1 Ba3# 0-1

[Event "FRA-chT2O 0203"]
[Site "France"]
[Date "2003.04.05"]
[Round "10.7"]
[White "Grenouilloux, Alain"]
[Black "Vasilescu, Victor"]
[Result "1/2-1/2"]
[WhiteElo "2089"]
[BlackElo "2154"]
[PlyCount "92"]
[EventDate "2002.10.??"]
[EventType "team"]
[EventRounds "11"]
[EventCountry "FRA"]
[SourceTitle "EXT 2004"]
[Source "ChessBase"]
[SourceDate "2003.11.25"]
[SourceVersion "1"]
[SourceVersionDate "2003.11.25"]
[SourceQuality "1"]
[WhiteTeam "Epinal"]
[BlackTeam "Vincennes"]
[WhiteTeamCountry "FRA"]
[BlackTeamCountry "FRA"]

1. d4 g6 2. e4 Bg7 3. Nc3 d6 4. f4 a6 5. Nf3 b5 6. Be3 Bb7 7. Bd3 Nd7 8. a4 b4 9. Ne2 Ngf6 10. Nd2 0-0 11. h3 c5 12. c3 a5 13. 0-0 Qc7 14. Qe1 Nb6 15. dxc5 dxc5 16. Qf2 Rfd8 17. Bb5 Rxd2 18. Bxd2 Nxe4 19. Qe3 Rd8 20. Rfd1 Qd6 21. Be1 Qxd1 22. Rxd1 Rxd1 23. Ng3 bxc3 24. Qe2 c2 25. Qxc2 Rxe1+ 26. Kh2 Bd4 27. Ne2 Bf6 28. Bd3 Nf2 29. Qd2 Nxd3 30. Qxd3 Kg7 31. Qd2 Rb1 32. Nc3 Nc4 33. Qd3 Rxb2 34. h4 Rxg2+ 35. Kh3 Nd6 36. Nd5 Bxd5 37. Qxd5 Rc2 38. h5 Rc3+ 39. Kg2 Nf5 40. Qd8 Rc2+ 41. Kh3 Bc3 42. h6+ Nxh6 43. Qxe7 Bd4 44. Qd8 Nf5 45. Qc7 h5 46. Qxf7+ Kxf7 1/2-1/2

[Event "FRA-chT2O 0203"]
[Site "France"]
[Date "2003.02.02"]
[Round "7.8"]
[White "Hiegel, Jean"]
[Black "Grenouilloux, Alain"]
[Result "1-0"]
[WhiteElo "2050"]
[BlackElo "2089"]
[PlyCount "101"]
[EventDate "2002.10.??"]
[EventType "team"]
[EventRounds "11"]
[EventCountry "FRA"]
[SourceTitle "EXT 2004"]
[Source "ChessBase"]
[SourceDate "2003.11.25"]
[SourceVersion "1"]
[SourceVersionDate "2003.11.25"]
[SourceQuality "1"]
[WhiteTeam "Saverne"]
[BlackTeam "Epinal"]
[WhiteTeamCountry "FRA"]
[BlackTeamCountry "FRA"]

1. d4 d5 2. c4 e6 3. Nc3 Nf6 4. Nf3 c6 5. e3 Nbd7 6. Bd3 Be7 7. 0-0 0-0 8. Qe2 Re8 9. Ne5 Nf8 10. c5 N6d7 11. f4 f6 12. Nxd7 Bxd7 13. Qh5 b5 14. Rf3 f5 15. Bd2 Bf6 16. Kh1 Qe7 17. Rh3 Reb8 18. Rg1 a5 19. Ne2 Rb7 20. Qf3 g6 21. Qf2 Bg7 22. Rf3 Rba7 23. h3 h5 24. Bb1 Bc8 25. g3 Nh7 26. g4 hxg4 27. hxg4 Nf6 28. gxf5 gxf5 29. Rg5 Nh7 30. Rg6 Nf8 31. Rg2 Kf7 32. Rh3 Bf6 33. Ng1 Ke8 34. Nf3 b4 35. Qg1 Ba6 36. Be1 Qf7 37. Bc2 Bb5 38. Bd1 Kd8 39. Ng5 Bxg5 40. Rxg5 Qf6 41. Rg8 Kc8 42. Rhh8 Kb7 43. Bh4 Qf7 44. Rg7 Ka6 45. Rxf7 Rxf7 46. Qg8 Rfa7 47. Bh5 Bd3 48. Bf7 Kb5 49. Qg7 Nd7 50. Rxa8 Rxa8 51. Bxe6 1-0

[Event "FRA-chT2O 0203"]
[Site "France"]
[Date "2003.01.18"]
[Round "5.7"]
[White "Grenouilloux, Alain"]
[Black "Strowsky, Yannick"]
[Result "1-0"]
[WhiteElo "2089"]
[BlackElo "2160"]
[PlyCount "71"]
[EventDate "2002.10.??"]
[EventType "team"]
[EventRounds "11"]
[EventCountry "FRA"]
[SourceTitle "EXT 2004"]
[Source "ChessBase"]
[SourceDate "2003.11.25"]
[SourceVersion "1"]
[SourceVersionDate "2003.11.25"]
[SourceQuality "1"]
[WhiteTeam "Epinal"]
[BlackTeam "Lyon Olympique"]
[WhiteTeamCountry "FRA"]
[BlackTeamCountry "FRA"]

1. d4 Nf6 2. Nf3 g6 3. Nc3 d6 4. e4 Bg7 5. Be2 0-0 6. 0-0 Nc6 7. h3 e5 8. d5 Ne7 9. Bg5 h6 10. Be3 Ne8 11. Qd2 Kh7 12. Nh2 f5 13. f3 f4 14. Bf2 g5 15. Nb5 a6 16. Na3 h5 17. c4 Bh6 18. Qc2 Nf6 19. c5 Rg8 20. cxd6 cxd6 21. Nc4 g4 22. Bb6 Qf8 23. fxg4 Ng6 24. Kh1 hxg4 25. Nxg4 Nxg4 26. hxg4 Bg5 27. Kg1 Qh6 28. Nxd6 Nh8 29. Qc7+ Rg7 30. Qc5 Bh4 31. Nxc8 Rxc8 32. Qxc8 Qxb6+ 33. Kh1 Bg3 34. Qf5+ Rg6 35. Rac1 Qd6 36. g5 1-0

[Event "FRA-chT2"]
[Site "France"]
[Date "2001.11.??"]
[Round "2"]
[White "Labadie, Jean Jacques"]
[Black "Grenouilloux, Alain"]
[Result "1/2-1/2"]
[WhiteElo "2063"]
[BlackElo "2079"]
[PlyCount "139"]
[EventDate "2002.??.??"]
[EventType "team"]
[EventRounds "11"]
[EventCountry "FRA"]
[SourceTitle "EXT 2003"]
[Source "ChessBase"]
[SourceDate "2002.11.25"]
[SourceVersion "1"]
[SourceVersionDate "2002.11.25"]
[SourceQuality "1"]

1. d4 d5 2. c4 e5 3. dxe5 d4 4. Nf3 Nc6 5. a3 Bg4 6. Nbd2 Nge7 7. h3 Bxf3 8. Nxf3 Ng6 9. e3 dxe3 10. Bxe3 Ngxe5 11. Nxe5 Qxd1+ 12. Rxd1 Nxe5 13. Be2 Be7 14. 0-0 0-0 15. Bf4 Bf6 16. Rd2 Rad8 17. Rfd1 Rxd2 18. Rxd2 Re8 19. Kf1 Kf8 20. b3 b6 21. Rd5 c6 22. Rd1 Ng6 23. Bc7 Rc8 24. Bg3 Rd8 25. Rxd8+ Bxd8 26. Bf3 c5 27. Ke2 Ke7 28. Kd3 f5 29. Bb8 a5 30. Bc6 Nf8 31. Be5 g6 32. Ke3 Ne6 33. Bd5 Bc7 34. Bb2 Bf4+ 35. Kf3 Bd6 36. Bxe6 Kxe6 37. h4 Be5 38. Bc1 Bf6 39. Bf4 Be5 40. Bh6 Bf6 41. g3 Bb2 42. a4 Bd4 43. Bg5 Bf6 44. Bf4 Be5 45. Bh6 Bd4 46. Bf8 Bf6 47. Kf4 Be5+ 48. Kf3 Bf6 49. Bh6 Bd4 50. Kg2 Be5 51. f3 Bd4 52. Kh3 Be5 53. Kg2 Bd4 54. Kf1 Be5 55. Kf2 Bd4+ 56. Ke2 Be5 57. g4 Bf6 58. Bf4 Be5 59. Be3 Bf6 60. Bf2 Be5 61. Be3 Bf6 62. h5 fxg4 63. fxg4 gxh5 64. gxh5 Kf5 65. Kf3 Be5 66. Bh6 Bd6 67. Be3 Be5 68. Bd2 Bd6 69. Be3 Be5 70. Bd2 1/2-1/2